Türkiye'de Sigortacılık ve Aktüerya Eğitimi Çalıştayı (Record no. 6117)

MARC details
000 -BAŞLIK
Sabit Uzunlukta Kontrol Alanı 00609na a2200205 4500
001 - KONTROL NUMARASI
Denetim Alanı 19489
003 - KONTROL NUMARASI IDENTIFIER
Denetim Alanı MIRAKIL
005 - SON İŞLEM TARİHİ VE ZAMANI
Denetim Alanı 20181213155057.0
008 - SABİT-BOY VERİ ELEMANLARI - GENEL BİLGİLER
Sabit Uzunlukta Kontrol Alanı 161215b tu 000 0
040 ## - KATALOGLAMA KAYNAK
Orijinal Kataloglama Ajansı Milas
Kataloglama Dili tur
Metne Dönüştürmek Ajansı TR-AnCHP
041 ## - DİL KODU
Metin / Ses Parça Veya Ayrı Başlığın Dil Kodu tur
082 ## - DEWEY ONLU SINIFLANDIRMA NUMARASI
Sınıflandırma Numarası 368.561
Ürün Numarası T96 2011
090 ## - SINIFLAMA NUMARASI
Sınıflama Numarası 368.561 T96 2011
245 ## - BAŞLIK TABLOSU
Başlık Türkiye'de Sigortacılık ve Aktüerya Eğitimi Çalıştayı
Başlığın Kalan rapor özetleri kitabı
Sorumluluk Tablosu, Vb editör Fuat Erdal
260 ## - YAYIN, DAĞITIM, VB
Yayın, Dağıtım, Vb Yeri İstanbul
Yayıncı, Dağıtıcı, Vs Adı Segem
Yayın, Dağıtım, Vb Tarihi 2011
300 ## - FİZİKSEL TANIM
Kapsam 100 s.
Diğer Fiziksel Ayrıntıları tbl.
Boyutlar 21 sm.
650 ## - KONU KATMA GİRİŞ - TOPİKAL DÖNEM
Topikal Süreli Veya Coğrafi Ad Giriş Elemanı Aktüerya eğitimi
Coğrafi Alt Bölümü Türkiye
650 ## - KONU KATMA GİRİŞ - TOPİKAL DÖNEM
Topikal Süreli Veya Coğrafi Ad Giriş Elemanı Sigortacılık
Coğrafi Alt Bölümü Türkiye
942 ## - EKLENDİ GİRİŞ ELEMANLARI (KOHA)
Sınıflandırma Veya Raf Düzeni Kaynak
Koha Öğesi Türü Books
999 ## - SİSTEM KONTROL NUMARALARI (KOHA)
Koha Biblionumber 6117
Koha Biblioitemnumber 6117
Holdings
Kalıcı Konum Mevcut Konum Edinme Tarihi Edinim Kaynak Toplam Check-Out'Lar Tam Çağrı Numarası Barkod Tarih Son Görülme İtibaren Geçerli Fiyatlar Koha Öğesi Türü
CHP Kütüphanesi CHP Kütüphanesi 12/15/2016 Bağış   368.561 T96 2011 010712 12/15/2016 12/15/2016 Books